Code civil suisse (Registro nro. 78999)
[ vista simple ]
| 000 -ENCABEZADO | |
|---|---|
| Número de control [NR] | 01619nam a2200313Ia 4500 |
| 005 - FECHA Y HORA DE LA ÚLTIMA TRANSACCIÓN | |
| control field | 20231124101513.0 |
| 008 - DE LONGITUD FIJA DE DATOS DE ELEMENTOS - INFORMACIÓN GENERAL | |
| Elementos de longitud fija [NR] | 130821s1908 sz ao gr spa |
| 040 ## - FUENTE DE CATALOGACION [NR] | |
| Agencia de catalogación original [NR] | Co-BoUCM |
| Idioma de catalogación [NR] | spa |
| Quien Cataloga | Sandra Yazo (modificó) |
| Quien Clasifica | Sandra Yazo (modificó) |
| 041 0# - CODIGO DE IDIOMA [R] | |
| Código de idioma para texto/pista de sonido o título separado [R] | Español |
| 082 04 - NUMERO DE CLASIFICACION DECIMAL DEWEY [R] | |
| Número de clasificación [R] | 348.023494 |
| Número de la edición [NR] | 20 |
| 092 ## - SIGNATURA TOPOGRAFICA LOCAL | |
| Número de clasificación local | E17N016 |
| 110 1# - ASIENTO PRINCIPAL--NOMBRE CORPORATIVO [NR] | |
| Nombre corporativo o de jurisdicción como elemento de entrada [NR] | Suiza. Leyes, decretos, etc. |
| ID de autoridad | 179294 |
| 242 00 - TRADUCCION DEL TITULO POR LA AGENCIA CATALOGADORA [R] | |
| Título [NR] | Código civil suizo |
| Parte restante del título [NR] | del 10 de diciembre de 1907. Con índice de materias y alfabético |
| Código de idioma del título traducido [NR] | spa |
| 245 10 - MENCION DE TITULO [NR] | |
| Título [NR] | Code civil suisse |
| Parte restante del título [NR] | du 10 decembre 1907 ; avec table de matières et index alphabétique. |
| 260 ## - PUBLICACION, DISTRIBUCION, ETC. (PIE DE IMPRENTA) [R] | |
| Lugar de publicación, distribución, etc. [R] | Berne [Berna] |
| Nombre del editor, distribuidor, etc. [R] | K -J Wyss |
| Fecha de publicación, distribución, etc. [R] | 1908 |
| 300 ## - DESCRIPCION FISICA [R] | |
| Extensión [R] | xxvi, 313 páginas |
| Otros detalles físicos [NR] | ilustraciones, fotografías |
| 500 ## - NOTA GENERAL [R] | |
| Nota general [NR] | Detalles físicos: Encuadernación rígida en cartón forrado en tela texturizada con letras en lomo y en tapa delantera; emblema de la Confederación Helvética. Página de cortesía; al respaldo, fotografía (blanco y negro) del Profesor Doctor Eugen H. |
| 505 ## - NOTA DE CONTENIDO CON FORMATO PREESTABLECIDO [R] | |
| Nota de contenido con formato preestablecido [NR] | Títulos preliminares: Libro 1p0s: Derechos de las personas. ; Libro 2p0s: De la Familia. ; Libro 3p0s: De las sucesiones. ; Libro : Los derechos reales. ; Título final: Vigencia y aplicación de este Código. ; Índice alfabético. |
| 506 ## - NOTA DE RESTRICCIONES DE ACCESO [R] | |
| Condiciones de acceso [NR] | Consulta en sala. |
| 546 ## - NOTA DE IDIOMA [R] | |
| Nota de idioma [NR] | Texto en francés. |
| 650 #7 - ASIENTO SECUNDARIO DE MATERIA - TERMINO TEMATICO [R] | |
| Término temático o nombre geográfico como elemento de entrada [NR] | Derecho civil |
| Subdivisión general [R] | Legislación |
| Subdivisión geográfica [R] | Suiza |
| 9 (RLIN) | 12711 |
| 650 #7 - ASIENTO SECUNDARIO DE MATERIA - TERMINO TEMATICO [R] | |
| Término temático o nombre geográfico como elemento de entrada [NR] | Derecho |
| 9 (RLIN) | 7494 |
| 650 #7 - ASIENTO SECUNDARIO DE MATERIA - TERMINO TEMATICO [R] | |
| Término temático o nombre geográfico como elemento de entrada [NR] | Jurisprudencia civil |
| Subdivisión geográfica [R] | Suiza |
| 9 (RLIN) | 7771 |
| 650 #7 - ASIENTO SECUNDARIO DE MATERIA - TERMINO TEMATICO [R] | |
| Término temático o nombre geográfico como elemento de entrada [NR] | Procedimiento civil |
| Subdivisión geográfica [R] | Suiza |
| 9 (RLIN) | 7969 |
| 653 ## - TERMINO DE INDIZACION - NO CONTROLADO [R] | |
| Término de indización no controlado [R] | Ley 10 de 1907 |
| 700 1# - ASIENTO SECUNDARIO - NOMBRE PERSONAL [R] | |
| Nombre personal [NR] | Huber, Eugen |
| 9 (RLIN) | 179295 |
| 700 1# - ASIENTO SECUNDARIO - NOMBRE PERSONAL [R] | |
| Nombre personal [NR] | Wyss, K -J |
| 9 (RLIN) | 179296 |
| 942 ## - ELEMENTOS DE ENTRADA AGREGADOS (KOHA) | |
| Tipo de ítem principal el descrito en 300a | Libro |
| Tema principal | 8 |
| Edición | 1 |
| Sistema de clasificación | DEWEY |
| Clasificación | 348.023494 |
| Suprimido | Perdido | Sistema de clasificación | Dañado | No prestable | Tipo de ítem específico | Ubicación habitual | Ubicación actual | Localización | Fecha de creación | Forma de adquisición | Costo | Volúmen / Fascículo | Total préstamos | Código de barras | Última vez visto | Ejemplar | Price effective from | Tipo de ítem |
|---|---|---|---|---|---|---|---|---|---|---|---|---|---|---|---|---|---|---|
| DEWEY | Libro archivo | Archivo Histórico | Archivo Histórico | Archivo histórico | 28/02/2014 | Donación | 0.00 | E17N016 | L002586 | 15/12/2012 | Ej.1 | 03/02/2013 | Libro |